000
00269nam a22001217a 4500
082
_a
920
_b
SES/G
100
_a
SESHADRI,HIRAMALINI
245
_a
GOD INOUR MIDST
260
_a
CHENNAI
_b
GIGGLES
300
_a
217
650
_a
LIFE OF SATHYA SAI BABA
_z
CHENNAI
942
_c
BK
999
_c
5691
_d
5691